000 00292pab a2200121 454500
008 180718b xxu||||| |||| 00| 0 eng d
100 _aKapoor H.L.
245 _aDelhi police reminiscences
362 _a31 Dec 93, p.4
650 _aPolice -- India -- Delhi
773 _aPatriot
909 _a25846
999 _c25846
_d25846